[Event "Kstovo Kichigin Memorial op 5th"]
[Site "Kstovo"]
[Date "2015.01.16"]
[Round "1"]
[White "Shadrina, Tatiana"]
[Black "Deulin, Evgeny"]
[Result "1-0"]
[WhiteElo "2362"]
[BlackElo "1548"]
[PlyCount "47"]
[EventDate "2015.01.16"]
[EventType "swiss"]
[EventRounds "9"]
[EventCountry "RUS"]
[SourceTitle "CBM 164 Extra"]
[Source "ChessBase"]
[SourceDate "2015.03.02"]
[SourceVersion "1"]
[SourceVersionDate "2015.03.02"]
[SourceQuality "1"]

1. e4 e6 2. d4 d5 3. e5 c5 4. c3 Nc6 5. Nf3 Qb6 6. a3 Nh6 7. Bd3 cxd4 8. cxd4 Bd7 9. 0-0 Nxd4 10. Nxd4 Qxd4 11. Nc3 Qg4 12. Qb3 b6 13. Nb5 Kd8 14. Nxa7 Bc5 15. Nb5 Nf5 16. Bxf5 Qxf5 17. Nd6 Qg6 18. Be3 Ke7 19. Bxc5 bxc5 20. Qc3 c4 21. Qb4 Rhb8 22. Nf5+ Kd8 23. Qf8+ Kc7 24. Qd6+ 1-0

[Event "EU-Cup (Women) 19th"]
[Site "Bilbao"]
[Date "2014.09.19"]
[Round "6.2"]
[White "Schoene, Maria"]
[Black "Shadrina, Tatiana"]
[Result "0-1"]
[WhiteElo "2261"]
[BlackElo "2327"]
[PlyCount "92"]
[EventDate "2014.09.14"]
[EventType "team-swiss"]
[EventRounds "7"]
[EventCountry "ESP"]
[SourceTitle "CBM 162 Extra"]
[Source "ChessBase"]
[SourceDate "2014.10.17"]
[SourceVersion "1"]
[SourceVersionDate "2014.10.17"]
[SourceQuality "1"]
[WhiteTeam "Bad Koenigshofen (W)"]
[BlackTeam "Ugra (W)"]
[WhiteTeamCountry "GER"]
[BlackTeamCountry "RUS"]

1. e4 c5 2. Nf3 d6 3. d4 cxd4 4. Nxd4 Nf6 5. Nc3 a6 6. Be3 e6 7. Be2 Qc7 8. a3 b5 9. g4 Bb7 10. f3 h6 11. Qd2 d5 12. e5 Nfd7 13. f4 Nc6 14. 0-0 Bc5 15. Bf3 0-0 16. Nce2 Rac8 17. Rf2 Rfe8 18. Kh1 Ncxe5 19. fxe5 Nxe5 20. Bxh6 gxh6 21. Qxh6 Qe7 22. Raf1 Rc7 23. Rg2 Ng6 24. c3 Qh4 25. Qd2 Kf8 26. g5 Ke7 27. Rg4 Qh3 28. Ng3 Kd8 29. Re1 Nh4 30. Qf4 Nxf3 31. Nxf3 Rh8 32. Nf1 Kc8 33. Rg3 Qh5 34. Nd4 Rd7 35. Rg2 Bd6 36. Qf2 e5 37. Nf5 Bc7 38. N1g3 Qxg5 39. Kg1 Qf6 40. Kh1 d4 41. Ne4 Qb6 42. Nfg3 Rh4 43. cxd4 Rf4 44. Qc2 Rxd4 45. Rd2 Rxd2 46. Qxd2 f5 0-1

[Event "EU-ch (Women) 15th"]
[Site "Plovdiv"]
[Date "2014.07.17"]
[Round "11"]
[White "Shadrina, Tatiana"]
[Black "Agrest, Inna"]
[Result "1-0"]
[WhiteElo "2348"]
[BlackElo "2223"]
[PlyCount "163"]
[EventDate "2014.07.06"]
[EventType "swiss"]
[EventRounds "11"]
[EventCountry "BUL"]
[SourceTitle "CBM 162"]
[Source "ChessBase"]
[SourceDate "2014.09.17"]
[SourceVersion "1"]
[SourceVersionDate "2014.09.17"]
[SourceQuality "1"]

1. e4 e5 2. Nf3 Nc6 3. Bb5 a6 4. Ba4 Nf6 5. 0-0 Bc5 6. c3 b5 7. Bc2 d5 8. exd5 Qxd5 9. d4 exd4 10. Re1+ Be7 11. cxd4 Bg4 12. Nc3 Qh5 13. d5 Bxf3 14. gxf3 Ne5 15. Kg2 0-0 16. f4 Nfg4 17. h3 Qh4 18. hxg4 Nxg4 19. Qf3 Qh2+ 20. Kf1 Bc5 21. Re2 Qh4 22. Qg2 Rae8 23. Ne4 Nh2+ 24. Kg1 f5 25. Qxh2 Qg4+ 26. Kf1 fxe4 27. Bxe4 Rxe4 28. Rxe4 Qd1+ 29. Re1 Qd3+ 30. Kg1 Rf6 31. f5 Qxf5 32. Be3 Rg6+ 33. Kf1 Qd3+ 34. Re2 Bxe3 35. fxe3 Rh6 36. Qg2 Rg6 37. Qh3 h6 38. Rae1 Rg5 39. Qe6+ Kh7 40. Kf2 Rg6 41. Qe5 Rg5 42. Qxc7 Qe4 43. Qh2 Qxd5 44. e4 Qf7+ 45. Ke3 Qxa2 46. Rg1 Qb3+ 47. Kf2 Qf7+ 48. Ke1 Rc5 49. Rc2 Rc4 50. Rxc4 Qxc4 51. Qe2 Qc1+ 52. Kf2 Qf4+ 53. Qf3 Qd2+ 54. Kg3 Qxb2 55. Qf5+ Kh8 56. Rf1 Qc3+ 57. Kg2 b4 58. e5 Qd2+ 59. Kh3 Qe3+ 60. Rf3 Qc1 61. e6 Qh1+ 62. Kg3 Qg1+ 63. Kf4 Qc1+ 64. Re3 Qf1+ 65. Kg4 Qg1+ 66. Rg3 Qd1+ 67. Qf3 Qd4+ 68. Kh3 Qe5 69. Qf7 Qa1 70. Qe8+ Kh7 71. Qg6+ Kh8 72. Qe4 Qf1+ 73. Kh2 Qf2+ 74. Rg2 Qc5 75. e7 Qh5+ 76. Kg1 Qd1+ 77. Kf2 Qd2+ 78. Kf3 Qd1+ 79. Kg3 Qd6+ 80. Kh3 Qd7+ 81. Kh4 Qe8 82. Qe5 1-0

[Event "EU-ch (Women) 15th"]
[Site "Plovdiv"]
[Date "2014.07.16"]
[Round "10"]
[White "Mirzoeva, Elmira"]
[Black "Shadrina, Tatiana"]
[Result "0-1"]
[WhiteElo "2241"]
[BlackElo "2348"]
[PlyCount "100"]
[EventDate "2014.07.06"]
[EventType "swiss"]
[EventRounds "11"]
[EventCountry "BUL"]
[SourceTitle "CBM 162"]
[Source "ChessBase"]
[SourceDate "2014.09.17"]
[SourceVersion "1"]
[SourceVersionDate "2014.09.17"]
[SourceQuality "1"]

1. d4 d5 2. c4 c6 3. cxd5 cxd5 4. Nc3 Nf6 5. Bf4 Nc6 6. e3 Bf5 7. Qb3 Na5 8. Qa4+ Bd7 9. Qc2 Rc8 10. Bd3 b5 11. a3 e6 12. Nf3 Be7 13. 0-0 0-0 14. Ne5 Nc4 15. Rfc1 a6 16. Qe2 Be8 17. h3 Nd7 18. Nf3 Ndb6 19. e4 dxe4 20. Qxe4 g6 21. Bxc4 bxc4 22. Ne5 g5 23. Bh2 Bd6 24. Qe2 f6 25. Nf3 Bxh2+ 26. Nxh2 Rc6 27. Rd1 Bg6 28. Ne4 Qd5 29. f3 Qb5 30. Ng4 Nd5 31. Nc3 Qb7 32. Nxd5 exd5 33. Re1 Rb6 34. h4 h5 35. Nf2 gxh4 36. Nh3 Rxb2 37. Qe6+ Qf7 38. Qd6 Kh8 39. Nf4 Bh7 40. Re7 Qg8 41. Rae1 h3 42. R1e2 Rxe2 43. Rxe2 c3 44. Re7 c2 45. Rc7 Rf7 46. Nxh3 Qb8 47. Ng5 Qxc7 48. Nxf7+ Qxf7 49. Qc6 Qe7 50. Kh2 Kg7 0-1

[Event "EU-ch (Women) 15th"]
[Site "Plovdiv"]
[Date "2014.07.07"]
[Round "2"]
[White "Mareckova, Martina"]
[Black "Shadrina, Tatiana"]
[Result "0-1"]
[WhiteElo "2094"]
[BlackElo "2348"]
[PlyCount "94"]
[EventDate "2014.07.06"]
[EventType "swiss"]
[EventRounds "11"]
[EventCountry "BUL"]
[SourceTitle "CBM 162"]
[Source "ChessBase"]
[SourceDate "2014.09.17"]
[SourceVersion "1"]
[SourceVersionDate "2014.09.17"]
[SourceQuality "1"]

1. e4 e5 2. Nf3 Nc6 3. Bc4 Nf6 4. d3 Bc5 5. Nbd2 0-0 6. 0-0 h6 7. c3 d6 8. Bb3 a6 9. Re1 Ba7 10. h3 Nh5 11. Nf1 Qf6 12. Be3 Nf4 13. Bxf4 Qxf4 14. Ne3 Qf6 15. Nd5 Qd8 16. Nh2 Ne7 17. Qh5 Nxd5 18. Bxd5 c6 19. Bb3 Kh7 20. Qe2 f5 21. exf5 Bxf5 22. Rf1 Qg5 23. Kh1 Rae8 24. Rae1 d5 25. Bc2 Bb8 26. Nf3 Qf6 27. Ng1 Qd6 28. g3 Kg8 29. Kg2 Re6 30. Qd2 Ref6 31. Re2 Bg6 32. Qe3 d4 33. Qd2 Bh5 34. Re4 dxc3 35. bxc3 Ba7 36. d4 exd4 37. cxd4 Kh8 38. Rh4 Bf7 39. Ne2 Qd5+ 40. Kg1 Qxa2 41. Nc3 Qa5 42. Bd3 c5 43. Ne4 Qxd2 44. Nxd2 cxd4 45. Ne4 Rf3 46. Be2 Rb3 47. Nd6 d3 0-1

[Event "RUS-chT (Women) 16th"]
[Site "Loo"]
[Date "2014.04.07"]
[Round "1.1"]
[White "Shadrina, Tatiana"]
[Black "Belenkaya, Dina"]
[Result "1/2-1/2"]
[WhiteElo "2355"]
[BlackElo "2254"]
[PlyCount "120"]
[EventDate "2014.04.07"]
[EventType "team-tourn"]
[EventRounds "6"]
[EventCountry "RUS"]
[SourceTitle "CBM 159 Extra"]
[Source "ChessBase"]
[SourceDate "2014.04.24"]
[SourceVersion "1"]
[SourceVersionDate "2014.04.24"]
[SourceQuality "1"]
[WhiteTeam "Yugra (W)"]
[BlackTeam "Chigorin CC (W)"]
[WhiteTeamCountry "RUS"]
[BlackTeamCountry "RUS"]

1. e4 c6 2. d4 d5 3. Nc3 dxe4 4. Nxe4 Bf5 5. Ng3 Bg6 6. h4 h6 7. Nf3 Nd7 8. h5 Bh7 9. Bd3 Bxd3 10. Qxd3 e6 11. Bd2 Ngf6 12. 0-0-0 Be7 13. Kb1 0-0 14. Ne4 Nxe4 15. Qxe4 Nf6 16. Qe2 Qd5 17. Ne5 Rfd8 18. Rhe1 b5 19. g4 Nh7 20. f4 Rac8 21. Rg1 f6 22. Nf3 Re8 23. Rde1 Bd8 24. Qd3 Be7 25. g5 hxg5 26. fxg5 Qf5 27. Qb3 Nxg5 28. Bxg5 fxg5 29. Rxe6 Kh7 30. Rge1 Rf8 31. Rxe7 Qxf3 32. Qe6 Qf5 33. Qe3 Rf6 34. Re5 Qf4 35. Qd3+ Kh8 36. a3 Rcf8 37. d5 cxd5 38. Qxd5 g4 39. Qxb5 g3 40. Rg5 Rf5 41. Rxf5 Qxf5 42. Qxf5 Rxf5 43. Rg1 Rf3 44. a4 Kh7 45. b4 Kh6 46. b5 Kxh5 47. Kb2 Kg4 48. c4 Kf4 49. c5 Ke5 50. b6 axb6 51. cxb6 Kd6 52. Rc1 Rf7 53. Kb3 g2 54. Kb4 Kd5 55. Rg1 Kc6 56. a5 Rf4+ 57. Kb3 Rg4 58. Kc3 Kb7 59. Kd3 Rg5 60. Ke3 Rxa5 1/2-1/2

[Event "EU-Cup (Women) 18th"]
[Site "Rhodes"]
[Date "2013.10.20"]
[Round "1.4"]
[White "Plivcevic, Ivana"]
[Black "Shadrina, Tatiana"]
[Result "0-1"]
[WhiteElo "1881"]
[BlackElo "2364"]
[PlyCount "44"]
[EventDate "2013.10.20"]
[EventType "team-swiss"]
[EventRounds "7"]
[EventCountry "GRE"]
[SourceTitle "EXT 2014"]
[Source "ChessBase"]
[SourceDate "2013.11.20"]
[SourceVersion "1"]
[SourceVersionDate "2013.11.20"]
[SourceQuality "1"]
[WhiteTeam "Prijedor (W)"]
[BlackTeam "Ugra (W)"]
[WhiteTeamCountry "BIH"]
[BlackTeamCountry "RUS"]

1. c4 Nf6 2. Nf3 e6 3. g3 d5 4. b3 d4 5. Bb2 c5 6. d3 Nc6 7. Bg2 Bd6 8. 0-0 0-0 9. e3 e5 10. Nbd2 Bg4 11. Ne4 Nxe4 12. dxe4 f5 13. Qb1 f4 14. exd4 exd4 15. Bc1 Bxf3 16. Bxf3 Ne5 17. Bh1 f3 18. Bf4 Rxf4 19. gxf4 Qh4 20. h3 Qxf4 21. Qc1 Qh2+ 22. Kxh2 Ng4+ 0-1

[Event "EU-ch (Women) 14th"]
[Site "Belgrade"]
[Date "2013.08.02"]
[Round "10"]
[White "Shadrina, Tatiana"]
[Black "Drljevic, Ljilja"]
[Result "1-0"]
[WhiteElo "2377"]
[BlackElo "2187"]
[PlyCount "65"]
[EventDate "2013.07.23"]
[EventType "swiss"]
[EventRounds "11"]
[EventCountry "SRB"]
[SourceTitle "CBM 155 Extra"]
[Source "ChessBase"]
[SourceDate "2013.08.26"]
[SourceVersion "1"]
[SourceVersionDate "2013.08.26"]
[SourceQuality "1"]

1. e4 d6 2. d4 Nf6 3. Nc3 g6 4. Be3 Bg7 5. f3 c6 6. Qd2 b5 7. Bd3 Nbd7 8. Bh6 0-0 9. Nge2 a6 10. Bxg7 Kxg7 11. a4 Bb7 12. 0-0 e5 13. dxe5 dxe5 14. Nd1 c5 15. b3 Nb6 16. c4 bxc4 17. bxc4 Nxc4 18. Qc3 Nd2 19. Qxd2 c4 20. Nf2 cxd3 21. Nxd3 a5 22. Qe3 Qe7 23. Qc5 Rfe8 24. Qxe7 Rxe7 25. Nc5 Bc6 26. Rfc1 Be8 27. Kf2 Nd7 28. Ke3 f6 29. Nxd7 Rxd7 30. Rc5 Rb7 31. Nc3 Bd7 32. Rd1 Rc8 33. Rxd7+ 1-0

[Event "EU-ch (Women) 14th"]
[Site "Belgrade"]
[Date "2013.07.24"]
[Round "2"]
[White "Shadrina, Tatiana"]
[Black "Dolzhikova, Olga"]
[Result "0-1"]
[WhiteElo "2377"]
[BlackElo "2244"]
[PlyCount "79"]
[EventDate "2013.07.23"]
[EventType "swiss"]
[EventRounds "11"]
[EventCountry "SRB"]
[SourceTitle "CBM 155 Extra"]
[Source "ChessBase"]
[SourceDate "2013.08.26"]
[SourceVersion "1"]
[SourceVersionDate "2013.08.26"]
[SourceQuality "1"]

1. e4 e5 2. Nf3 Nf6 3. Nxe5 d6 4. Nf3 Nxe4 5. d4 d5 6. Bd3 Bd6 7. 0-0 0-0 8. c4 c6 9. Nc3 Nxc3 10. bxc3 Bg4 11. Rb1 dxc4 12. Bxc4 b5 13. Bd3 Nd7 14. h3 Bh5 15. Be4 Rc8 16. Qc2 Bg6 17. Bxg6 hxg6 18. Re1 Re8 19. Bg5 Qc7 20. a4 Rxe1+ 21. Rxe1 Nb6 22. Bc1 Qd7 23. Ng5 Re8 24. Rxe8+ Qxe8 25. Ne4 Bf8 26. axb5 cxb5 27. Bf4 Qc6 28. Ng5 Qd5 29. Qe2 a5 30. Qe8 Qd7 31. Qb8 Nd5 32. Bd2 a4 33. Ne4 Qc6 34. Nc5 Nb6 35. Bg5 f6 36. Bc1 Nc4 37. Nd3 Qe4 38. Qxb5 Qxd3 39. Qxa4 Qxc3 40. Qd1 0-1

[Event "RUS-chT (Women) 14th"]
[Site "Loo"]
[Date "2013.04.13"]
[Round "5"]
[White "Dogodkina, Julia"]
[Black "Shadrina, Tatiana"]
[Result "0-1"]
[WhiteElo "2136"]
[BlackElo "2372"]
[PlyCount "80"]
[EventDate "2013.04.07"]
[EventType "team-tourn"]
[EventRounds "7"]
[EventCountry "RUS"]
[SourceTitle "CBM 153 Extra"]
[Source "ChessBase"]
[SourceDate "2013.04.22"]
[SourceVersion "1"]
[SourceVersionDate "2013.04.22"]
[SourceQuality "1"]
[WhiteTeam "Saratov Economist (W)"]
[BlackTeam "Yugra (W)"]
[WhiteTeamCountry "RUS"]
[BlackTeamCountry "RUS"]

1. d4 d5 2. Nf3 Nf6 3. c4 c6 4. Nc3 e6 5. Bg5 h6 6. Bxf6 Qxf6 7. e3 Bd6 8. Be2 0-0 9. 0-0 Qe7 10. a3 Nd7 11. Rb1 dxc4 12. Bxc4 e5 13. Ne4 Bc7 14. Ng3 e4 15. Nd2 Nf6 16. Re1 Re8 17. Rc1 Bd7 18. Ndf1 Rad8 19. Be2 g6 20. Bc4 h5 21. Qc2 h4 22. Ne2 Kg7 23. Nc3 Bc8 24. Rcd1 a6 25. Be2 Ng4 26. Rd2 Nf6 27. Red1 Nd5 28. Re1 Bb8 29. Bd1 Bf5 30. Be2 Qg5 31. Rdd1 Bh3 32. g3 hxg3 33. hxg3 Nf6 34. Qd2 Rh8 35. Bc4 Bg4 36. f4 exf3 37. Qf2 Rh3 38. e4 Rdh8 39. Qe3 Rh1+ 40. Kf2 Bxg3+ 0-1

[Event "RUS-chT (Women) 14th"]
[Site "Loo"]
[Date "2013.04.10"]
[Round "3"]
[White "Belova, Olga"]
[Black "Shadrina, Tatiana"]
[Result "1/2-1/2"]
[WhiteElo "2134"]
[BlackElo "2372"]
[PlyCount "126"]
[EventDate "2013.04.07"]
[EventType "team-tourn"]
[EventRounds "7"]
[EventCountry "RUS"]
[SourceTitle "CBM 153 Extra"]
[Source "ChessBase"]
[SourceDate "2013.04.22"]
[SourceVersion "1"]
[SourceVersionDate "2013.04.22"]
[SourceQuality "1"]
[WhiteTeam "Kazan Ladya (W)"]
[BlackTeam "Yugra (W)"]
[WhiteTeamCountry "RUS"]
[BlackTeamCountry "RUS"]

1. e4 e5 2. Nf3 Nc6 3. Nc3 Nf6 4. d4 exd4 5. Nxd4 Bb4 6. Nxc6 bxc6 7. Bd3 d5 8. exd5 cxd5 9. 0-0 0-0 10. Bg5 c6 11. Qf3 h6 12. Bxf6 Qxf6 13. Qxf6 gxf6 14. Ne2 Rb8 15. b3 Bg4 16. h3 Bxe2 17. Bxe2 Rfe8 18. Bf3 Re6 19. Rad1 Bc3 20. Rd3 d4 21. Bg4 Re5 22. Rf3 Kg7 23. Bf5 a5 24. a4 Rc5 25. Bd3 Re8 26. Rf4 Rce5 27. g3 Rd8 28. Kg2 Rdd5 29. g4 Rc5 30. Kf3 Rcd5 31. Kg2 Bd2 32. Re4 Kf8 33. Rd1 Bc3 34. f4 Rxe4 35. Bxe4 Rd6 36. Kf3 c5 37. Ke2 Ke7 38. Kd3 Rd8 39. Kc4 Bb4 40. Bd5 Rh8 41. Bf3 Kd6 42. Bd5 Re8 43. Bf3 Be1 44. Rd3 Rb8 45. Rd1 Rb4+ 46. Kd3 Bg3 47. Ke4 Ke6 48. Rd3 Bf2 49. f5+ Kd6 50. c4 Rb8 51. Kf4 Be1 52. Bd1 Bc3 53. Bc2 Re8 54. Bd1 Re1 55. Bf3 Bb2 56. Bd1 Bc1+ 57. Kf3 Be3 58. Be2 Ke5 59. Rd1 Rxd1 60. Bxd1 Bg5 61. Bc2 d3 62. Bxd3 Kd4 63. Be4 Bh4 1/2-1/2

[Event "RUS-chT (Women) 14th"]
[Site "Loo"]
[Date "2013.04.08"]
[Round "2"]
[White "Shadrina, Tatiana"]
[Black "Ivkina, Olga"]
[Result "1-0"]
[WhiteElo "2372"]
[BlackElo "2269"]
[PlyCount "45"]
[EventDate "2013.04.07"]
[EventType "team-tourn"]
[EventRounds "7"]
[EventCountry "RUS"]
[SourceTitle "CBM 153 Extra"]
[Source "ChessBase"]
[SourceDate "2013.04.22"]
[SourceVersion "1"]
[SourceVersionDate "2013.04.22"]
[SourceQuality "1"]
[WhiteTeam "Yugra (W)"]
[BlackTeam "Chigorin CC (W)"]
[WhiteTeamCountry "RUS"]
[BlackTeamCountry "RUS"]

1. e4 e5 2. Nf3 Nc6 3. d4 exd4 4. Nxd4 Bc5 5. Be3 Qf6 6. c3 Bb6 7. g3 d6 8. Bg2 Bd7 9. 0-0 Nge7 10. a4 Nxd4 11. cxd4 c5 12. e5 dxe5 13. dxe5 Qxe5 14. a5 Qxb2 15. Nd2 Bc7 16. Rb1 Qa2 17. Rxb7 Rc8 18. Bxc5 Qxa5 19. Ne4 Qa4 20. Nd6+ Bxd6 21. Qxd6 Nf5 22. Re1+ Kd8 23. Bb6+ 1-0

[Event "EU-Cup (Women) 17th"]
[Site "Eilat"]
[Date "2012.10.16"]
[Round "6.1"]
[White "Shadrina, Tatiana"]
[Black "Savina, Anastasia"]
[Result "0-1"]
[WhiteElo "2361"]
[BlackElo "2303"]
[PlyCount "108"]
[EventDate "2012.10.11"]
[EventType "team-tourn"]
[EventRounds "7"]
[EventCountry "ISR"]
[SourceTitle "CBM 150 Extra"]
[Source "ChessBase"]
[SourceDate "2012.10.19"]
[SourceVersion "1"]
[SourceVersionDate "2012.10.19"]
[SourceQuality "1"]
[WhiteTeam "Ugra (W)"]
[BlackTeam "SHSM Nashe Nasledie (W)"]
[WhiteTeamCountry "RUS"]
[BlackTeamCountry "RUS"]

1. e4 c5 2. Nf3 Nc6 3. d4 cxd4 4. Nxd4 e5 5. Nb5 d6 6. N1c3 a6 7. Na3 b5 8. Nd5 Nce7 9. c4 Nxd5 10. exd5 bxc4 11. Nxc4 Be7 12. Bd2 Bd7 13. Be2 Nf6 14. 0-0 0-0 15. Bb4 Bb5 16. a4 Bxc4 17. Bxc4 Qb8 18. Ba3 Bd8 19. Qd3 Bb6 20. Bxa6 e4 21. Qe2 e3 22. fxe3 Re8 23. Rf3 Bxe3+ 24. Kh1 Bc5 25. Qf1 Bxa3 26. bxa3 Qb2 27. Bb5 Re5 28. Rb1 Qd2 29. Bc6 Rf8 30. Rd1 Qa5 31. Qb5 Qa7 32. Qb4 Ne4 33. Rdf1 f5 34. h3 Rb8 35. Bb5 g6 36. Rc1 Nc5 37. Qc4 Qa5 38. Rff1 Re4 39. Qc2 Nxa4 40. Bd3 Ree8 41. Qc6 Nc5 42. Bc4 Red8 43. Rb1 Rbc8 44. Qb5 Qxa3 45. Ra1 Qc3 46. Rfc1 Qe5 47. Ra7 Re8 48. Rb1 Re7 49. Rxe7 Qxe7 50. Qb2 Re8 51. Bb5 Rb8 52. Qc2 Qe4 53. Qa2 f4 54. Qa7 Qxb1+ 0-1

[Event "RUS-ch Higher League (Women) 65th"]
[Site "Tiumen"]
[Date "2012.06.27"]
[Round "11"]
[White "Shadrina, Tatiana"]
[Black "Kovanova, Baira"]
[Result "0-1"]
[WhiteElo "2359"]
[BlackElo "2391"]
[PlyCount "88"]
[EventDate "2012.06.16"]
[EventType "swiss"]
[EventRounds "11"]
[EventCountry "RUS"]
[SourceTitle "CBM 149 Extra"]
[Source "ChessBase"]
[SourceDate "2012.08.24"]
[SourceVersion "1"]
[SourceVersionDate "2012.08.24"]
[SourceQuality "1"]

1. e4 e5 2. Nf3 Nc6 3. Bb5 a6 4. Ba4 Nf6 5. 0-0 Be7 6. Re1 b5 7. Bb3 d6 8. c3 0-0 9. h3 Na5 10. Bc2 c5 11. d4 Nd7 12. Nbd2 exd4 13. cxd4 Nc6 14. Nf1 cxd4 15. Nxd4 Nxd4 16. Qxd4 Ne5 17. Qd1 Bf6 18. Rb1 Be6 19. b3 Nc6 20. Ba3 Be5 21. Qd2 Qh4 22. Bb2 Qf6 23. Bd1 Rac8 24. Ng3 g6 25. Bg4 Bxg4 26. hxg4 Qh4 27. Bxe5 dxe5 28. g5 Rfd8 29. Qe3 Nd4 30. Rec1 Qg4 31. Rxc8 Rxc8 32. Rc1 Rxc1+ 33. Qxc1 Kg7 34. Qd2 Qf4 35. Qa5 Qxg5 36. Qxa6 Qc1+ 37. Kh2 h5 38. Qd6 Qf4 39. Kg1 h4 40. Nh1 Qxe4 41. f3 Qe1+ 42. Kh2 h3 43. Qd5 hxg2 44. Kxg2 Ne6 0-1

[Event "RUS-ch Higher League (Women) 65th"]
[Site "Tiumen"]
[Date "2012.06.23"]
[Round "7"]
[White "Iljushina, Olga"]
[Black "Shadrina, Tatiana"]
[Result "0-1"]
[WhiteElo "2354"]
[BlackElo "2359"]
[PlyCount "158"]
[EventDate "2012.06.16"]
[EventType "swiss"]
[EventRounds "11"]
[EventCountry "RUS"]
[SourceTitle "CBM 149 Extra"]
[Source "ChessBase"]
[SourceDate "2012.08.24"]
[SourceVersion "1"]
[SourceVersionDate "2012.08.24"]
[SourceQuality "1"]

1. d4 Nf6 2. Nf3 d5 3. c4 e6 4. Nc3 Nbd7 5. cxd5 exd5 6. Bg5 Be7 7. e3 c6 8. Bd3 0-0 9. Qc2 Re8 10. h3 Nf8 11. 0-0 Be6 12. Ne5 N6d7 13. Bxe7 Rxe7 14. Nf3 Re8 15. b4 Rc8 16. a4 Qf6 17. Nd2 h6 18. Rae1 a6 19. a5 Qe7 20. Qb2 Nf6 21. Na4 Rcd8 22. Nc5 Bc8 23. f4 Ne6 24. Nf3 Nc7 25. Ne5 Nb5 26. Qf2 Nd6 27. Qc2 Nfe4 28. Bxe4 Nxe4 29. Nxe4 dxe4 30. Qc5 Qh4 31. Kh2 Rd5 32. Qc2 Qe7 33. Rb1 Rb5 34. Qc3 f6 35. Nc4 Kh8 36. Nb6 Qe6 37. Qc4 Qd6 38. Qf7 Rf8 39. Nc4 Qd8 40. Qg6 Qe7 41. Nb6 Bf5 42. Qh5 Bh7 43. f5 Rxb4 44. Rxb4 Qxb4 45. Rf4 Qxa5 46. Nd7 Ra8 47. Nc5 Qc7 48. Ne6 Qe7 49. Rxe4 Bg8 50. Nc5 Qc7+ 51. Kg1 Bf7 52. Qg4 Bd5 53. Rf4 b6 54. Nd3 Bc4 55. Nb2 Bf7 56. Qf3 Qd6 57. Na4 b5 58. Nc5 a5 59. Qe2 a4 60. Rf1 Bc4 61. Nd3 a3 62. Ra1 c5 63. Qf3 Ra7 64. Nxc5 b4 65. Qd1 a2 66. Qc2 Bf7 67. Nb3 Qd5 68. Qc8+ Kh7 69. Nc5 b3 70. Qb8 Re7 71. Ne6 Bxe6 72. fxe6 Qxe6 73. Kh2 Qxe3 74. Rd1 Qc3 75. Qd6 Re2 76. Qa6 Rxg2+ 77. Kxg2 Qc2+ 78. Kg3 Qxd1 79. Qb5 Qc2 0-1